Introducing mass communication (Record no. 23602)

000 -LEADER
fixed length control field 00314nam a22001097a 4500
003 - CONTROL NUMBER IDENTIFIER
control field Nust
005 - DATE AND TIME OF LATEST TRANSACTION
control field 20170519112933.0
008 - FIXED-LENGTH DATA ELEMENTS--GENERAL INFORMATION
fixed length control field 131219b xxu||||| |||| 00| 0 eng d
020 ## - INTERNATIONAL STANDARD BOOK NUMBER
International Standard Book Number 007022773-X
Terms of availability Available
040 ## - CATALOGING SOURCE
Original cataloging agency DLC
Language of cataloging DLC
Transcribing agency RCMS
082 ## - DEWEY DECIMAL CLASSIFICATION NUMBER
Edition number 2nd, ed.
Classification number 001.51 GAM
Author Mark 000819
100 ## - MAIN ENTRY--PERSONAL NAME
Personal name Michael, Gamble
9 (RLIN) 115
245 ## - TITLE STATEMENT
Title Introducing mass communication
Statement of responsibility, etc. Michael W. Gamble, Teri Kwal Gamble
250 ## - EDITION STATEMENT
Edition statement 2nd ed.
260 ## - PUBLICATION, DISTRIBUTION, ETC.
Place of publication, distribution, etc. New York
Name of publisher, distributor, etc. :McGraw-Hill
Date of publication, distribution, etc. ,c1989
300 ## - PHYSICAL DESCRIPTION
Extent xvi, 549 p.
Other physical details : ill.
Dimensions ; 24 cm.
538 ## - SYSTEM DETAILS NOTE
Display text Shelf # 13, Row # 2, Fiction.
650 ## - SUBJECT ADDED ENTRY--TOPICAL TERM
Topical term or geographic name entry element Mass media.
9 (RLIN) 116
700 ## - ADDED ENTRY--PERSONAL NAME
Personal name Gamble, Teri Kwal.
9 (RLIN) 117
856 ## - ELECTRONIC LOCATION AND ACCESS
Materials specified Table of Content Only
942 ## - ADDED ENTRY ELEMENTS (KOHA)
Source of classification or shelving scheme
Koha item type Fiction
Holdings
Withdrawn status Lost status Source of classification or shelving scheme Damaged status Not for loan Collection code Permanent Location Current Location Shelving location Date acquired Total Checkouts Full call number Barcode Date last seen Price effective from Koha item type
            Central Library (CL) Central Library (CL) First Floor - Computer Science 12/19/2013   001.51 GAM RCMS000820 09/15/2022 12/19/2013 Book
            School of Interdisciplinary Engineering and Sciences (SINES) School of Interdisciplinary Engineering and Sciences (SINES) Fiction 12/19/2013   001.51GAM RCMS000819 12/19/2013 12/19/2013 Fiction
© 2023 Central Library, National University of Sciences and Technology. All Rights Reserved.